Toutes les Techniques de Ryoma Nishiki D'Inazuma Eleven - Statistiques

Statistiques générales
  • Ce quiz a été pris 23 fois
  • Le résultat moyen est 5 sur 7
Statistiques - réponses
Réponse Type de quiz Première Utilisation % Correct
Envol du Dragon ATT FILM
82%
Esquive Acrobatique ATT GO
82%
Tir Katana Ancestral TIR GO
82%
Musashi, Le Samouraï Vaillant Esprit Guerrier GO
76%
Ryoma Sakamoto MIXIMAX GO CS
76%
Grand Courant des Ténèbres ATT GO CS
59%
Le Coup du Samouraï TIR EG GO
59%
Aucun quiz correspondant
Distribution des résultats
% des personnes avec chaque résultat
Percentile par nombre de réponses
Votre historique - résultats
Vous n’avez pas pris ce quiz